00478nam a2200193 a 4500001001300000003000900013005001700022008004100039020001000080082001700090100001900107245002900126260003800155300000900193500003500202505001300237650001500250700001900265nice12345678IN_TiNIC20260116011822.0050524s1956 bada grp 000 0 urd  ac10000a891.439bASA aAsar, Lucknowi aAsar Ke Tanqidi Mazameen aBadayunbNizami Book Egencyc1956 a199p aincludes index and biblioraphy2 aappendix aUrdu-Prose1 aAsar, Lucknowi